|
|
|
|
| LEADER |
00000nab a2200000 a 4500 |
| 001 |
vtls000517582 |
| 003 |
SK-MaSNL |
| 005 |
20260304094957.0 |
| 008 |
250425c1994 xo 0 slo |
| 015 |
|
|
|a SNBRB19rr/mm-uuuuu
|
| 035 |
|
|
|a CL0517720
|
| 035 |
|
|
|a urn:nbn:sk:snk-abeoyy
|
| 035 |
|
|
|a (urnnbn)urn:nbn:sk:snk:ar-000cqt
|
| 035 |
|
|
|a (uuid)d71b7649-7201-4229-8305-77e7ef847171
|
| 040 |
|
|
|a SNKBUCL
|b slo
|c SNKBUCL
|e AACR2
|
| 041 |
0 |
|
|a slo
|
| 044 |
|
|
|a xo
|c SK
|
| 080 |
|
|
|a 001.89
|2 1981
|
| 080 |
|
|
|a 001.11
|2 1981
|
| 100 |
1 |
|
|a Ferko, Andrej,
|d 1955-
|4 aut
|9 103705
|
| 245 |
1 |
0 |
|a Rozvojová? Stratégia? Slovenska?
|c Andrej Ferko
|
| 500 |
|
|
|a Článok je reakciou na príspevok Kolomana Ivaničku Rozvojová stratégia Slovenska, uverejnenom v Slovenských pohľadoch č. 11/1993 a 12/1993
|
| 650 |
0 |
7 |
|a veda
|2 snkbucl
|9 1599
|
| 655 |
|
7 |
|a články z novín a časopisov
|2 snkbucl
|9 267496
|
| 700 |
1 |
|
|a Ivanička, Koloman,
|d 1929-2014
|4 aut
|9 87285
|
| 773 |
0 |
|
|t Slovenské pohľady
|g Roč. 4+110, č. 5 (1994), s. 84-85
|
| 850 |
|
|
|a Slovenská národná knižnica
|
| 852 |
|
|
|a Slovenská národná knižnica
|
| 958 |
|
|
|a article27
|
| 958 |
|
|
|a RK
|
| 958 |
|
|
|a OND
|
| 958 |
|
|
|a EUIPO
|
| 992 |
|
|
|a RBX
|
| 999 |
|
|
|c 2830021
|d 2831951
|